| Tag |
First Indicator |
Second Indicator |
Subfields |
| LEADER |
00000pam a22000004a 4500 |
| 001 |
in00001729521 |
| 005 |
20160226120241.0 |
| 008 |
020708s2002 nyua b 000 0 eng |
| 010 |
|
|
|a 2002010638
|
| 020 |
|
|
|a 1568984022
|
| 035 |
|
|
|a (OCoLC)ocm50149538
|
| 040 |
|
|
|a DLC
|c DLC
|d YDX
|d TXA
|d UtOrBLW
|
| 042 |
|
|
|a pcc
|
| 043 |
|
|
|a n-us-ca
|
| 049 |
|
|
|a TXAM
|
| 050 |
0 |
0 |
|a SB466.U65
|b C373 2002
|
| 082 |
0 |
0 |
|a 712/.6/097949
|2 21
|
| 100 |
1 |
|
|a Burton, Pamela,
|d 1948-
|
| 245 |
1 |
0 |
|a Private landscapes :
|b modernist gardens in Southern California /
|c Pamela Burton, Marie Botnick ; introduction by Kathryn Smith.
|
| 264 |
|
1 |
|a New York :
|b Princeton Architectural Press,
|c [2002]
|
| 264 |
|
4 |
|c ©2002
|
| 300 |
|
|
|a 192 pages :
|b chiefly illustrations (chiefly color) ;
|c 31 cm.
|
| 336 |
|
|
|a text
|b txt
|2 rdacontent
|
| 337 |
|
|
|a unmediated
|b n
|2 rdamedia
|
| 338 |
|
|
|a volume
|b nc
|2 rdacarrier
|
| 504 |
|
|
|a Includes bibliographical references (page 190).
|
| 650 |
|
0 |
|a Gardens
|z California, Southern.
|
| 650 |
|
0 |
|a Gardens
|z California, Southern
|x Design.
|
| 650 |
|
0 |
|a Landscape architecture
|z California, Southern.
|
| 700 |
1 |
|
|a Botnick, Marie.
|
| 994 |
|
|
|a E0
|b TXA
|
| 948 |
|
|
|a cataloged
|b h
|c 2003/3/27
|d c
|e bwalker
|f 1:27:16 pm
|
| 999 |
|
|
|a MARS
|
| 999 |
f |
f |
|s 0554129c-6023-3e4c-ae1d-4abe9a5dd6dc
|i 746d4210-4ed6-36be-a3e0-1ba44b202fd1
|t 0
|
| 952 |
f |
f |
|p ric
|a Texas A&M University
|b Rellis Campus
|c Joint Library Facility
|d Remote Storage
|t 0
|e SB466.U65 C373 2002
|h Library of Congress classification
|i unmediated -- volume
|m A14829982454
|
| 998 |
f |
f |
|a SB466.U65 C373 2002
|t 0
|l Remote Storage
|